Statistics for Famous Swiss and Austrian People

Click here to take the quiz!

General Stats

  • This quiz has been taken 12,494 times
    (12,487 since last reset)
  • The average score is 10 of 21

Answer Stats

ClueAnswer% Correct
Composer born in SalzburgWolfgang Amadeus
Mozart
97%
Bodybuilding governatorArnold Schwarzenegger
90%
Father of psychoanalysisSigmund Freud
87%
His assassination sparked WWIFranz Ferdinand
83%
Guillotined wife of Louis XVIMarie Antoinette
76%
20x tennis Grand Slam winnerRoger Federer
70%
Folk hero and apple shooterWilliam Tell
63%
Doctor who re-animated a corpseVictor Frankenstein
60%
Goat-herding girl of the AlpsHeidi
56%
Scarred F1 driverNiki Lauda
43%
"The Blue Danube"Johann Strauss II
41%
"Sound of Music" patriarchBaron von Trapp
38%
"Rock Me Amadeus"Falco
35%
Symbolist painter of "The Kiss"Gustav Klimt
33%
e = 2.71828...Leonhard Euler
28%
The first Bond girlUrsula Andress
25%
Slovak-born woman who won 5
Grand Slam titles
Martina Hingis
23%
He is called
"Father of the Symphony"
Joseph Haydn
22%
"The Social Contract"Jean-Jacques
Rousseau
19%
Founder of the Red CrossHenry Dunant
11%
Mononymic pioneer of
modern architecture
Le Corbusier
11%

Score Distribution

Percentile by Number Answered

Percent of People with Each Score

Your Score History

You have not taken this quiz since the last reset